书目信息 |
| 题名: |
集成电路设计导论
|
|
| 作者: | 罗萍 编著 | |
| 分册: | ||
| 出版信息: | 北京 清华大学出版社 2021.6 |
|
| 页数: | 17,330页 | |
| 开本: | 26cm | |
| 丛书名: | 微电子与集成电路技术丛书 | |
| 单 册: | ||
| 中图分类: | TN402 | |
| 科图分类: | ||
| 主题词: | 集成电路--电路设计 | |
| 电子资源: | ||
| ISBN: | 978-7-302-40454-5 | |
| 000 | 01189nam2 2200337 45 | |
| 001 | 012001000293 | |
| 005 | 20211012144115.95 | |
| 010 | @a978-7-302-40454-5@dCNY49.00 | |
| 090 | @aTN4@blp | |
| 096 | @aTN4@blp | |
| 100 | @a20160215d2016 em y0chiy50 ea | |
| 101 | 0 | @achi |
| 102 | @aCN@b110000 | |
| 105 | @aa z 000yy | |
| 106 | @ar | |
| 200 | 1 | @a集成电路设计导论@Aji cheng dian lu she ji dao lun@b专著@dIntroduction of IC design@f罗萍编著@zeng |
| 205 | @a2版 | |
| 210 | @a北京@c清华大学出版社@d2021.6 | |
| 215 | @a17,330页@c图@d26cm | |
| 225 | 2 | @a微电子与集成电路技术丛书 |
| 300 | @a并列题名:Introduction of IC design | |
| 304 | @a国家集成电路人才培养基地专家指导委员会组编 | |
| 330 | @a本书共分10章,以集成电路设计为核心,主要内容包括半导体材料与器件物理、集成电路制造技术、典型数字模拟集成电路、现代集成电路设计技术与方法学、芯片的封装与测试等方面的知识。 | |
| 410 | 0 | @1001004439595 |
| 461 | 0 | @12001 @a微电子与集成电路技术丛书 |
| 510 | 1 | @aIntroduction of IC design@zeng |
| 606 | 0 | @a集成电路@x电路设计 |
| 690 | @aTN402@v5 | |
| 701 | 0 | @a罗萍@Aluo ping@c(女,@f1968 )@4编著 |
| 801 | 0 | @aCN@bBJSDL@c20211011 |
| 905 | @b1331145-8@dTN402@e206=2@f4 | |
| 集成电路设计导论=Introduction of IC design/罗萍编著.-2版.-北京:清华大学出版社,2021.6 |
| 17,330页:图;26cm.-(微电子与集成电路技术丛书) |
| 并列题名:Introduction of IC design |
| ISBN 978-7-302-40454-5:CNY49.00 |
| 本书共分10章,以集成电路设计为核心,主要内容包括半导体材料与器件物理、集成电路制造技术、典型数字模拟集成电路、现代集成电路设计技术与方法学、芯片的封装与测试等方面的知识。 |
| ● |
| 相关链接 |
|
|
|
|
正题名:集成电路设计导论
索取号:TN402/206=2
 
预约/预借
| 序号 | 登录号 | 条形码 | 馆藏地/架位号 | 状态 | 备注 |
| 1 | 1331145 | 213311450 | 第二样本阅览室/ [索取号:TN402/206=2] | 在馆 | |
| 2 | 1331146 | 213311469 | 第三借阅区/ [索取号:TN402/206=2] | 在馆 | |
| 3 | 1331147 | 213311478 | 第三借阅区/ [索取号:TN402/206=2] | 在馆 | |
| 4 | 1331148 | 213311487 | 第三借阅区/ [索取号:TN402/206=2] | 在馆 |